| 000 | 00640nam a2200181 a 4500 | ||
|---|---|---|---|
| 005 | 20250211063743.0 | ||
| 008 | 991125s1955 mx 000 0 spa u | ||
| 035 | _aUPN01000000299 | ||
| 049 | _aSEP | ||
| 050 | 4 |
_aL227 _bA2 1955 |
|
| 110 | 1 |
_aMéxico. _bSecretaría de Educación Pública |
|
| 245 | 1 | 0 |
_aAcción educativa del gobierno federal del 1o. de septiembre de 1954 al 31 de agosto de 1955 / _cSecretaría de Educación Pública. |
| 260 |
_aMéxico : _bSEP, _c1955. |
||
| 300 | _a403 p. | ||
| 610 | 1 | 4 |
_aMéxico. _bSecretaría de Educación Pública _vInformes _95954 |
| 650 | 7 |
_aEducación _zMéxico _vInformes _2 _917193 |
|
| 905 | _aLibro | ||
| 999 |
_c299 _d299 |
||